000 00273nam a22001217a 4500
008 181022b xxu||||| |||| 00| 0 eng d
041 _aeng
080 _a611
100 _a6
101 _aANA
245 _aFunctional Anatomy of the Newborn
_cCrelin,E.S
942 _2udc
_cBK
999 _c50401
_d50401